UBT Library

Disease, ecology, and health : (Record no. 40345)

000 -LEADER
fixed length control field 00779nam a2200253 a 4500
001 - CONTROL NUMBER
control field 4865207
005 - DATE AND TIME OF LATEST TRANSACTION
control field 20180116040145.0
008 - FIXED-LENGTH DATA ELEMENTS--GENERAL INFORMATION
fixed length control field 911002s1990 ii a b 100 0 eng
010 ## - LIBRARY OF CONGRESS CONTROL NUMBER
LC control number 91900612
020 ## - INTERNATIONAL STANDARD BOOK NUMBER
International Standard Book Number 8170330955 :
Terms of availability Rs350.00
025 ## - OVERSEAS ACQUISITION NUMBER
Overseas acquisition number I E 64401
040 ## - CATALOGING SOURCE
Original cataloging agency DLC
Transcribing agency DLC
Modifying agency DLC
041 ## - LANGUAGE CODE
Language code of text/sound track or separate title eng
043 ## - GEOGRAPHIC AREA CODE
Geographic area code w------
080 ## - UNIVERSAL DECIMAL CLASSIFICATION NUMBER
Universal Decimal Classification number 614.4223 AKH
082 00 - DEWEY DECIMAL CLASSIFICATION NUMBER
Classification number 614.4223 AKH
Edition number 20
100 ## - Rafti
Rafti 3
101 ## - Shkurtesa
Shkurtesa SHM
245 00 - TITLE STATEMENT
Title Disease, ecology, and health :
Statement of responsibility, etc edited by Rais Akhtar and Yola Verhasselt.
504 ## - BIBLIOGRAPHY, ETC. NOTE
Bibliography, etc Includes bibliographical references.
906 ## - LOCAL DATA ELEMENT F, LDF (RLIN)
a 7
b cbc
c orignew
d 3
e ncip
f 19
g y-gencatlg
942 ## - ADDED ENTRY ELEMENTS (KOHA)
Source of classification or shelving scheme
Item type Books
Holdings
Withdrawn status Lost status Source of classification or shelving scheme Damaged status Not for loan Collection code Permanent location Current location Shelving location Date acquired Total Checkouts Full call number Barcode Date last seen Price effective from Koha item type
          Koleksioni i përgjithshem UBT - Lipjan UBT - Lipjan Koleksioni i përgjithshem 01/16/2018   614.4223 AKH 002-2995480 01/16/2018 01/16/2018 Books
UBT Library © 2015-2024. All rights reserved University Education for Business and Technology